00548nam a2200193Ia 450000500170000000800410001704000190005804100120007708200160008910000210010524500350012625000120016126000380017330000290021150400500024065000240029065100300031485000100034420230916092434.0131103s9999 xx 000 0 und d aLoreto College aEnglish a919.8 bJAM aJames,Preston E. aLatin AmericacPreston E.James a3rd ed. aNew YorkbThe Odyssey Pressc1942 axviii,942 p.b ill.,maps aIncludes bibliographical references and index aAmerica - Geography aLatin America - Geography aLCLIB